000 00432nam a2200157Ia 4500
008 240729s9999 xx 000 0 und d
022 _a2682-3241
245 0 _aPort Said Scientific Journal of Nursing
260 _aEgypt
260 _bPort Said University; Faculty of Nursing
650 _a Nursing
650 _aMedicine
856 _uhttps://doaj.org/toc/bada8ae043634a609de38850d58562c3
942 _2ddc
942 _cDOAJEJ
999 _c73206
_d73206
945 _a1
_bMadushi Gamage
_c1
_dMadushi Gamage